First Pokémon by Type Combination: Fighting - Statistics

General Stats
  • This quiz has been taken 59 times
    25 since last reset
  • The average score is 14 of 18
Answer Stats
Type combination Pokédex # Answer Region % Correct
Pure Fighting 0056 Mankey Kanto
100%
Fighting / Bug 0214 Heracross Johto
89%
Fighting / Grass 0286 Breloom Hoenn
83%
Fighting / Steel 0448 Lucario Sinnoh
83%
Fighting / Psychic 0307 Meditite Hoenn
83%
Fighting / Electric 0922 Pawmo Paldea
83%
Fighting / Water 0062 Poliwrath Kanto
83%
Fighting / Poison 0215 Sneasel Hisui
83%
Fighting / Flying 0145 Zapdos Galar
83%
Fighting / Fairy 1006 Iron Valiant Paldea
78%
Fighting / Ghost 0802 Marshadow Alola
78%
Fighting / Fire 0128 Tauros Paldea
78%
Fighting / Dragon 0783 Hakamo-o Alola
72%
Fighting / Normal 0648 Meloetta (Pirouette Forme) Unova
72%
Fighting / Dark 0559 Scraggy Unova
72%
Fighting / Rock 0639 Terrakion Unova
72%
Fighting / Ground 0984 Great Tusk Paldea
67%
Fighting / Ice 0740 Crabominable Alola
61%
No matching quizzes found
Score Distribution
Percent of People with Each Score
Percentile by Number Answered
Your Score History
You have not taken this quiz since the last reset